01221nam a2200241 a 4500999001500000005001700015008004100032020001500073040003500088041000800123044000700131082001900138245021900157260009200376300006900468650005400537650005000591651006600641700004500707700004000752942001500792952017200807 c5937d593720180227112115.0070305s2006 ck ao gr 00010 spa d a9586559211 aCO-BoBLA cCO-BoBLAdCO-BoIAVH0 aspa ack04a918.6126bC41t00aCerros tutelares de Medellín : buna narración visual a través de sus diferentes escenarios / ctextos Mauricio Muñoz Zapata, Jorge L. Vásquez Muñoz ; fotografías Mauricio Muñoz Zapata ... [et al.]. aMedellín : bAlcaldía de Medellín: bSecretaría Ambiente de Medellín, c2006. a136 páginas : bilustraciones, fotos ; c22 x 28 centímetros16aMontañaszMedellín (Colombia)vFotografías.26aProtección ambientalzMedellín (Colombia)24aMedellín (Colombia)xDescripciones y viajesvFotografías.1 aMuñoz Zapata, Mauricio, efotografía1 aVásquez Muñoz, Jorge L.etextos 2ddccLIBRO 00102ddc40708GENERALIINV2017aBogotabBogotad2007-11-21eInstitutog15000.00l0oLB-918.6126 C41tp025483r2012-12-04 00:00:00tEj.1w2012-12-04xDonacionyLIBRO